Crowding Out of Private Stocks by Public Stocks

Verejné zásoby v držbe vlády ako otázka potravinovej bezpečnosti. Dopady zvyšujúcich sa verejných zásob na súkromné podnikateľské subjekty a trhy. Použitie empirickej analýzy.

Salvato in:
Dettagli Bibliografici
Autore principale: Kim, Sanghyo
Altri autori: Zulauf, Carl
Natura: Capitolo di libro
Lingua:inglese
Soggetti:
Tags: Aggiungi Tag
Nessun Tag, puoi essere il primo ad aggiungerne!!

MARC

LEADER 00000naa a2200000 4500
001 0261998
005 20200131111721.0
041 0 |a eng 
044 |a CZ 
245 1 0 |a Crowding Out of Private Stocks by Public Stocks  |c Sanghyo Kim, Carl Zulauf 
520 |a Verejné zásoby v držbe vlády ako otázka potravinovej bezpečnosti. Dopady zvyšujúcich sa verejných zásob na súkromné podnikateľské subjekty a trhy. Použitie empirickej analýzy. 
610 2 0 |a sebestačnosť potravinová 
610 2 0 |a poľnohospodárstvo 
610 2 0 |a trhy 
610 2 0 |a zásoby 
610 2 0 |a vláda 
100 1 |a Kim, Sanghyo 
700 1 |a Zulauf, Carl